Normal view
MARC view
Entry Personal Name
001 - CONTROL NUMBER
- control field: 74688
003 - CONTROL NUMBER IDENTIFIER
- control field: dpl
005 - DATE AND TIME OF LATEST TRANSACTION
- control field: 20241204144624.0
008 - FIXED-LENGTH DATA ELEMENTS
- fixed length control field: 241204|| aca||aabn | a|a d
040 ## - CATALOGING SOURCE
- Original cataloging agency: dpl
- Transcribing agency: dpl
100 ## - HEADING--PERSONAL NAME
- Personal name: Aggarwal, Ishad
670 ## - SOURCE DATA FOUND
- Source citation: Work cat.: (dpl)207404: Bharat, Vaibhav 74687, DNB CET Review:, 2012
